000 00924nam a2200217 i 4500
001 170729
003 ES-MaACL
005 20251120063148.0
008 090401s1950 sp |||| | spa d
100 1 _aBalmes, Jaime,
_d1810-1848
_925096
245 1 0 _aObras Completas.
_nT. VIII /
_cJaime Balmes ; edición de la Biblioteca de autores cristianos, dirigida por la Fundación Balmesiana de Barcelona, según la ordenada y anotada por el P. Casanovas.
260 _aMadrid :
_bLa Editorial Católica,
_c1950.
300 _aXVI, 1013 p. ;
_c20 cm.
490 1 _aBiblioteca de autores cristianos ;
_v66
505 8 _aContiene: Biografías ; Miscelánea ; Primeros escritos ; Poesías ; Índices
700 1 _aCasanovas, Ignasi.
_936123
710 2 _aFundación Balmesiana de Barcelona.
_9188971
830 0 0 _aBiblioteca de autores cristianos
_v66
_9178679
852 _aES-MaACL
_jJ-64
999 _c170729
_d170729